00499nam a2200181Ia 4500001000500000005001700005007000300022008004100025020000700066040001400073041000800087082002200095100002400117245008900141260002900230300002800259653003000287139320240113233456.0ta050204s1979 a g b000 u eng u cPB aRef.Stack aeng a589.222bDi 56 En aDickinsons, Colin . 0aThe Encyclopaedia of Mushrooms /cColin Dickinson and John Lucas.hTextual Documents aLondon :bOrbis ,c1979. a280p. :bill ;c28cm. . aEncyclopaedia - Mushrooms